Šteniatka veselé obrázky a zábavné úlohy

Bibliographic Details
Format: Book
Language:Slovak
PhysicalDescription:16 s., [4] l. samolepky fareb. ilustr. 29 cm
Published: Bratislava Matys 2013
ISBN:9788080883591 (brož.)
Edition:1. vyd.
Subjects:

MARC

LEADER 00000nam a2200000 a 4500
001 vtls010604069
003 SK-MaSNL
005 20260301183058.0
008 160429s2013 xo a b 000 0 slo
015 |a SNBA2014/08 
020 |a 9788080883591 (brož.) 
040 |a SNK  |b slo  |c SNK  |e AACR2 
041 0 |a slo 
044 |a xo  |c SK 
072 7 |a 0/9-053.2  |x Literatúra pre deti a mládež (náučná)  |2 konspekt 
080 |a 636.1  |2 2001 
080 |a (0.053.2)  |2 2001 
080 |a (084.1.029.2)  |2 2001 
245 1 0 |a Šteniatka  |b veselé obrázky a zábavné úlohy 
250 |a 1. vyd. 
260 |a Bratislava  |b Matys  |c 2013 
300 |a 16 s., [4] l. samolepky  |c fareb. ilustr.  |c 29 cm 
500 |a Náz. z obalu 
500 |a Samolepky všité uprostred publ. 
650 0 7 |a psy  |2 SNKPH  |9 1288 
650 0 7 |a Dogs  |2 SNKPHeng  |9 267341 
655 7 |a publikácie pre deti  |2 SNKPH  |9 70148 
655 7 |a samolepky  |2 SNKPH  |9 79151 
655 7 |a Children's literature  |2 SNKPHeng  |9 276039 
655 7 |a Stickers  |2 SNKPHeng  |9 303014 
919 |a 978-80-8088-359-1 
958 |a DB 
999 |c 855796  |d 857726 
952 |a SNK  |b SNK  |y PREZ  |7 0  |p 17A1112325  |o snkOSB 17575  |i snk2014/13984  |8 0  |0 0  |1 0  |4 0  |d 2014-06-17  |l 0  |r 2026-02-24 04:55:51  |w 2026-02-24 
952 |a SNK  |b SNK  |y PREZ  |7 0  |p 17A1112326  |o snkOSB 17575 D1  |i snk2014/13985  |8 0  |0 0  |1 0  |4 0  |d 2014-06-17  |l 0  |r 2026-02-24 04:55:51  |w 2026-02-24